Barcelona, ciutat de fàbriques

-д хадгалсан:
Номзүйн дэлгэрэнгүй
Үндсэн зохиолч: Basiana, Xavier (Зохиогч)
Формат: Ном
Хэл сонгох:испани
каталан
Хэвлэсэн: Barcelona Nau Ivanow 2000
Нөхцлүүд:
Шошгууд: Шошго нэмэх
Шошго байхгүй, Энэхүү баримтыг шошголох эхний хүн болох!

MARC

LEADER 00000nam a2200000 a 4500
001 UCM8958
003 CL-VaPUC
008 030404e20000000SP |||||||||||||||||spa|d
041 0 7 |a spa  |2 CL-VaPUC 
041 0 7 |a cat  |2 CL-VaPUC 
082 0 4 |a 711.40946  |b BAS  |2 21 
100 0 |a Basiana, Xavier  |e author  |9 475290 
245 1 0 |a Barcelona, ciutat de fàbriques 
246 1 0 |a Barcelona, ciudad de fábricas 
300 |a 237 p 
942 |c BK 
945 |d 20030404 00:00:00  |a cmena 
260 |a Barcelona  |b Nau Ivanow  |c 2000 
650 0 |a Arquitectura española  |9 341294 
650 0 |a Edificios   |9 260501 
650 7 |a FABRICAS  |2 CL-VaPUC  |9 271593 
651 7 |a BARCELONA  |2 CL-VaPUC  |9 267989 
583 |a last modification  |c 20030404 00:00:00  |k Rodrigo Vera 
999 |c 303367  |d 303365 
952 |0 0  |1 0  |4 0  |6 711_409460000000000_BAS_2000  |7 0  |8 A  |9 364623  |a BIBHIS  |b BIBHIS  |d 2019-11-21  |i 3868559  |o 711.40946 BAS 2000  |p 3868559  |r 2025-01-20  |w 2019-11-21  |y BK  |k HIS